[Event "IOM Open-Masters 2017"]
[Site "Douglas"]
[Date "2017.09.23"]
[Round "1"]
[White "Olafsson, Helgi"]
[Black "Byron, Alan M"]
[Result "1-0"]
[WhiteElo "2512"]
[BlackElo "2074"]
[Annotator "TA"]
[PlyCount "71"]
[EventDate "2017.??.??"]
[EventType "swiss"]
[EventCountry "GBR"]
[SourceTitle "playchess.com"]
[Source "ChessBase"]
[SourceQuality "1"]

{[%evp 17,71,-1,29,0,19,2,16,0,0,-8,-8,-19,-14,-23,-13,-19,1,0,-7,-14,18,18,32,28,8,3,20,0,0,0,-4,-38,-38,-22,-32,-21,-22,-11,18,-18,-22,-14,99,97,202,216,255,268,239,218,636,631,700,670,2352,1270]} 1. Nf3 g6 2. e4 Bg7 3. d4 d6 4. c3 Nf6 5. Bd3 O-O 6. O-O Nc6 7. Bg5 h6 8. Bh4 e5 9. Re1 {B07: Pirc-Ufimzew-Verteidigung} Bg4 {LiveBook: 3 Partien} 10. dxe5 (10. d5 Ne7 11. c4 c5 12. Nc3 g5 13. Bg3 Nh5 14. h3 Bxf3 15. Qxf3 {0-1 (64) Marin,M (2576)-Vakhidov,J (2578) Almaty 2016}) 10... dxe5 $146 ({Vorgänger:} 10... Bxf3 11. Qxf3 Nxe5 12. Qd1 Nxd3 13. Qxd3 Qd7 14. Nd2 Rfe8 15. f3 Nh5 16. Nc4 Nf4 17. Qd2 Qc6 18. Ne3 Qc5 19. Kh1 Qh5 20. Bg3 Ne6 21. Qd5 Qxd5 22. Nxd5 Rac8 {½-½ (22) Constantinou,P (2285)-McNab,C (2443) Glasgow 2014}) 11. Qe2 {Die Stellung ist ausgeglichen.} Qe8 (11... g5 $5 12. Bg3 $8 Nh5 $11) 12. Nbd2 Nh5 13. Qe3 Nf4 14. Bb5 g5 15. Bg3 a6 16. Bf1 Rd8 17. b4 Qe7 18. a4 Rd7 19. Nb3 {Mit der Idee Sc5.} Nd8 20. Nc5 {Schwarz muss nun h3 beachten.} Rd6 21. Nd2 h5 {[%cal Bh6h5,Bh5h4][%mdl 32]} 22. f3 Bc8 23. Nc4 Rg6 24. Qd2 h4 25. Bf2 g4 26. fxg4 Bxg4 {Droht stark ...Lf3.} 27. Ne3 Bh6 28. Qc2 Qg5 {...Lf3 ist eine echte Drohung.} 29. Kh1 Nh3 (29... Bh5 $11 {hält das Gleichgewicht.}) 30. Nf5 $36 {[%mdl 2048] Weiss ist am Drücker.} Bxf5 (30... Nxf2+ $16 {ist wohl besser.} 31. Qxf2 h3) 31. exf5 $18 Rd6 {[#] zielt auf ...Td2 ab.} 32. Be3 Nf4 33. Rad1 Qe7 $2 (33... Kh8 34. Qe4 Re8 35. Rxd6 (35. Nxb7 Nxb7 36. Qxb7 Qxf5 $18) 35... cxd6) 34. Ne4 {Weiß steht klar auf Gewinn.} Rxd1 35. Rxd1 Kh7 36. Bc5 {Precision: Weiß = 44%, Schwarz = 31%.} 1-0

[Event "IOM Open-Masters 2017"]
[Site "Douglas"]
[Date "2017.09.23"]
[Round "1"]
[White "Panchanathan, Magesh Chandran"]
[Black "Paul, Johannes"]
[Result "1-0"]
[WhiteElo "2481"]
[BlackElo "2335"]
[Annotator "TA"]
[PlyCount "71"]
[EventDate "2017.??.??"]
[EventType "swiss"]
[EventCountry "GBR"]
[SourceTitle "playchess.com"]
[Source "ChessBase"]
[SourceQuality "1"]

{[%evp 27,71,15,29,23,38,23,29,21,22,24,25,22,32,29,35,22,23,22,22,22,25,25,53,29,21,22,90,95,93,87,77,71,496,482,604,601,651,650,791,789,799,770,1056,1025,966,858]} 1. Nf3 Nf6 2. c4 c5 3. g3 b6 4. Bg2 Bb7 5. Nc3 e6 6. O-O Be7 7. d4 cxd4 8. Qxd4 d6 9. Bg5 a6 10. Bxf6 Bxf6 11. Qf4 O-O 12. Rfd1 Be7 13. Ne4 Bxe4 14. Qxe4 Ra7 $1 15. Nd4 {A30: Englische Eröffnung (Symmetrische Variante)} Re8 16. Rd2 Bf8 17. Rad1 {Weiß hat minimalen Vorteil.} Qc8 18. b3 g6 19. e3 Nd7 20. a4 Rc7 {[#]} 21. h4 $146 Nf6 22. Qf3 $36 {[%mdl 2048] Weiss kämpft um Vorteil.} Kg7 23. Qe2 h5 24. Ra2 Rc5 25. Qb2 Be7 26. Qa1 d5 (26... Rd8 $11) 27. cxd5 $16 exd5 28. b4 {[%cal Bb3b4,Bb4b5,Bb5a6,Ba6a7][%mdl 32]} Rc3 29. b5 Qc4 $2 {[%mdl 8192] [#]} (29... axb5 $16 {leistet mehr Widerstand.} 30. Nxb5 Rc5) 30. bxa6 $18 {Weiß steht klar auf Gewinn.} Rc8 31. a7 Qa6 32. Nb5 Bb4 33. Bxd5 Nxd5 34. Rxd5 Kg8 35. Nxc3 Bxc3 36. Qc1 {Precision: Weiß = 61%, Schwarz = 32%.} 1-0

[Event "IOM Open-Masters 2017"]
[Site "Douglas"]
[Date "2017.09.23"]
[Round "1"]
[White "Hambleton, Aman"]
[Black "Fenil, Shah"]
[Result "1/2-1/2"]
[WhiteElo "2478"]
[BlackElo "2362"]
[Annotator "TA"]
[PlyCount "76"]
[EventDate "2017.??.??"]
[EventType "swiss"]
[EventCountry "GBR"]
[SourceTitle "playchess.com"]
[Source "ChessBase"]
[SourceQuality "1"]

{[%evp 11,76,16,9,5,7,0,22,22,28,20,28,23,23,15,21,33,35,2,14,-20,-17,-9,-12,-56,-12,-19,-13,-70,-67,-61,-60,-51,-58,-59,-58,-42,-20,-23,-15,-66,-37,-43,0,-54,-50,-40,0,-70,-47,-108,-25,-35,-30,-76,-68,-90,-86,-63,-38,-35,-37,-35,-34,-35,-32,-32,0]} 1. Nf3 d5 2. g3 c6 3. Bg2 Bg4 4. O-O Nd7 5. h3 Bh5 6. d3 Ngf6 7. Qe1 {A07: Réti Opening: New York and Capablanca Systems} e5 8. e4 dxe4 9. dxe4 {The position is equal.} Be7 10. Nh4 O-O 11. Nf5 (11. Nd2 Qc7 12. f4 exf4 13. gxf4 Rfe8 14. Kh1 Bb4 {1-0 (35) Giri,A (2785)-So,W (2815) chess.com INT 2017}) 11... Bc5 12. Nd2 Bg6 $146 ({Predecessor:} 12... Re8 13. a4 Qc7 14. Nb3 Bf8 {½-½ (24) Maiwald,J (2459)-Hracek,Z (2624) Germany 2012}) 13. Nb3 Bb6 14. a4 a5 (14... Bxf5 $5 15. exf5 a5 $11) 15. Bd2 Bxf5 16. exf5 Re8 17. Rd1 Qc7 18. Qe2 h6 19. Qc4 (19. Rfe1 $11) 19... e4 $15 {And now ...Qxg3 would win.} 20. Bf4 Ne5 21. Qe2 Qc8 $1 22. g4 Nd5 23. Bg3 Nd7 24. Kh2 Bc7 25. Nd4 (25. Nd2 $11) 25... Nf4 26. Qe3 Nd5 27. Qb3 (27. Qe2 $1 $11) 27... Nc5 28. Qc4 Nd7 {Strongly threatening ...Bxg3+.} 29. Ne2 (29. Qb3 $11) 29... N7f6 30. Rde1 {[#]} (30. Qb3 $15) 30... h5 (30... b5 $1 $17 {[%mdl 512]} 31. Qa2 (31. axb5 cxb5) 31... bxa4 32. Qxa4 Rb8) 31. g5 $11 h4 32. gxf6 {Hoping for Bxc7.} hxg3+ 33. Nxg3 Nxf6 34. Bxe4 Nxe4 {Black is slightly better.} (34... b5 $5 35. axb5 cxb5 $15) 35. Rxe4 Qxf5 $1 36. Kg2 Bxg3 37. Rxe8+ Rxe8 38. fxg3 Qe4+ {Precision: White = 50%, Black = 45%.} 1/2-1/2

[Event "IOM Open-Masters 2017"]
[Site "Douglas"]
[Date "2017.09.23"]
[Round "1"]
[White "Batsiashvili, Nino"]
[Black "Arakhamia-Grant, Ketevan"]
[Result "1-0"]
[WhiteElo "2472"]
[BlackElo "2369"]
[Annotator "TA"]
[PlyCount "105"]
[EventDate "2017.??.??"]
[EventType "swiss"]
[EventCountry "GBR"]
[SourceTitle "playchess.com"]
[Source "ChessBase"]
[SourceQuality "1"]

{[%evp 15,105,28,35,26,36,36,43,35,51,51,52,50,36,40,40,50,118,151,135,95,269,266,251,134,120,111,200,186,188,168,370,249,874,866,794,-68,-60,-66,-62,-62,-69,-64,-62,-65,-62,-79,-79,-79,-85,-88,-88,-87,-8,-13,0,0,14,15,40,22,20,20,20,6,79,7,573,177,197,3,181,193,183,177,168,173,363,225,223,229,308,168,168,168,431,95,379,363,5306,467,29994,29995]} 1. d4 Nf6 2. c4 g6 3. Nc3 Bg7 4. Nf3 O-O 5. g3 c6 6. Bg2 d5 7. Qb3 e6 8. O-O Nbd7 {LiveBook: 26 Games} 9. Rd1 {D78: Fianchetto Grünfeld: 6 0-0 c6} (9. Bf4 Re8 10. Rfd1 Nh5 11. Bg5 Nhf6 12. e4 h6 13. Bxf6 Nxf6 14. e5 Nd7 15. Rac1 Nf8 16. h4 b6 {1-0 (56) Papaioannou,I (2637)-Mista,A (2599) Achaea 2017}) 9... Qe7 10. Bf4 Nh5 11. Bg5 {White is slightly better.} f6 $146 ({Predecessor:} 11... Nhf6 12. e4 h6 13. Bxf6 Nxf6 14. exd5 exd5 15. cxd5 cxd5 16. Nxd5 Nxd5 17. Qxd5 {1-0 (46) Condori,E (2170)-Malan,L (1694) Montevideo 2017}) 12. Bd2 f5 $1 13. cxd5 exd5 14. Nxd5 cxd5 15. Bb4 $1 $36 {[%cal Rb4e7][%mdl 2048] White fights for an advantage.} Qxe2 (15... Qe8 $14) 16. Qxd5+ $16 Kh8 17. Re1 Qxb2 $2 (17... Qa6 $16 {is a better defense.}) 18. Rab1 $1 $18 {[%cal Rb1b2]} Nhf6 19. Qe6 ({And not} 19. Rxb2 Nxd5 20. Bxf8 Bxf8 $15) (19. Bxf8 $18 Qxb1 20. Bxg7+ Kxg7 21. Qc4 (21. Qxd7+ Bxd7 22. Rxb1 b6 $11)) 19... Qc2 $16 {Threatens to win with ...Nb6.} 20. Rbc1 Qb2 (20... Nc5 $16 {was necessary.}) 21. Bxf8 $18 Bxf8 22. Ng5 $1 Qxd4 $2 (22... Qd2) 23. Rcd1 ({Inferior is} 23. Nf7+ Kg7 $11) 23... Qc3 $2 (23... Qc5 24. Qf7 h6) 24. Qf7 {White threatens Re8! and mate.} h6 25. Re8 $2 ({Only move:} 25. Ne6 $18) 25... hxg5 $15 26. Rxf8+ Nxf8 27. Qxf8+ Ng8 $1 {aiming for ...Qf6.} 28. Rd8 {[%csl Gd8][%cal Rf8g8]} Qg7 {And now ...Qxf8 would win.} 29. Qc5 $1 b6 30. Qc1 Bb7 31. Rxa8 Bxg2 32. Rc8 {Rc7 is the strong threat.} Be4 33. Qxg5 Qa1+ ({Black should try} 33... Kh7 $1 $17 {Black wants to play ...Qe5.} 34. Qc1 Ne7) 34. Rc1 $11 Qd4 35. Qxg6 {Intending Qh5+ and mate.} Qd7 36. h4 Bb7 37. Qh5+ {[%mdl 1024] White has compensation.} Kg7 38. Qg5+ Kh7 39. h5 Ne7 (39... Be4 $11 {keeps the balance.}) 40. Re1 (40. Kh2 $16) 40... Be4 $2 {[%mdl 8192] [#]} (40... Ng8 $1 $11) 41. g4 $2 (41. f3 $1 {[%mdl 512]}) 41... Ng8 $18 42. Qg6+ Kh8 43. h6 $1 b5 44. g5 {[%cal Bg4g5,Bg5g6][%mdl 32]} a5 45. Qh5 b4 $2 (45... Qe7 {keeps fighting.} 46. g6 b4) 46. Rd1 Qe7 47. g6 $1 a4 48. h7 (48. Kf1 $142 Nf6 49. Qg5) 48... Nf6 {[#]} 49. Qh6 $1 Nd5 $2 (49... Bc6) 50. Rd4 $2 (50. Rc1 $18 {White wants to mate with Rc8+.} Nc3 51. Re1) 50... Bf3 $2 {[%mdl 8192] [#]} (50... Qf6 $16) 51. Kh2 $1 b3 $2 (51... Qf6 52. Rc4 Ne7) 52. Rxa4 (52. Rc4 $142 {Threatening mate with Rc8+.} Nc7 53. Qf4) 52... Qd6+ (52... Nf6 $18) 53. Kg1 {Precision: White = 51%, Black = 28%.} 1-0

[Event "IOM Open-Masters 2017"]
[Site "Douglas"]
[Date "2017.09.23"]
[Round "1"]
[White "Basso, Pier Luigi"]
[Black "Kiewra, Keaton"]
[Result "1/2-1/2"]
[WhiteElo "2460"]
[BlackElo "2433"]
[Annotator "TA"]
[PlyCount "83"]
[EventDate "2017.??.??"]
[EventType "swiss"]
[EventCountry "GBR"]
[SourceTitle "playchess.com"]
[Source "ChessBase"]
[SourceQuality "1"]

{[%evp 31,83,0,0,0,0,0,0,0,13,13,9,8,16,19,10,18,15,4,21,11,29,12,36,37,43,22,27,12,12,8,8,11,4,0,0,0,0,-2,0,0,0,0,0,0,0,0,0,0,0,0,0,0,0,0]} 1. d4 Nf6 2. c4 g6 3. Nc3 d5 4. Bf4 Bg7 5. e3 O-O 6. Rc1 Be6 7. Nf3 dxc4 8. Ng5 Bd5 9. e4 h6 10. exd5 hxg5 11. Bxg5 Nxd5 12. Bxc4 Nb6 13. Bb3 Nc6 14. d5 {D92: Grünfeld: 4 Nf3 Bg7 5 Bf4} (14. Ne2 a5 15. a4 Rc8 16. O-O Nxd4 17. Nxd4 Qxd4 18. Bxe7 Rfe8 19. Bc5 Qxd1 20. Rfxd1 Bxb2 21. Rc2 Bf6 22. g3 {½-½ (30) Prohaszka,P (2607)-Ragger,M (2688) Austria 2016}) 14... Nd4 15. O-O Qd7 16. h4 Rfe8 {LiveBook: 3 Games} 17. a3 Nxb3 18. Qxb3 Bxc3 $146 ({Predecessor:} 18... Rad8 19. Rfe1 Qf5 20. Rxe7 Rxe7 21. Bxe7 Rd7 {½-½ (31) Otspere,U (2269)-Kamanel Zamora,J (2250) ICCF email 2014}) 19. Rxc3 Qxd5 20. Qc2 c6 21. Rg3 Qf5 22. Qxf5 gxf5 23. Bxe7+ Kh7 24. Bg5 Nd5 25. Rb3 b6 26. Rc1 Rac8 27. Kf1 Kg6 28. Rd3 f4 {[#] Strongly threatening ...f6.} 29. g3 f6 {The position is equal.} 30. Bxf4 Nxf4 31. gxf4 $11 {[%mdl 4096] Endgame KRR-KRR} Re4 32. h5+ Kxh5 33. Rg3 Rxf4 34. Rd1 Rg4 35. Rf3 Kg5 36. Rd7 Rf4 37. Rxf4 Kxf4 38. Rxa7 Rd8 39. Re7 Rd2 40. Re6 f5 41. Rxc6 Rxb2 42. Rc3 {Precision: White = 85%, Black = 78%.} 1/2-1/2

[Event "IOM Open-Masters 2017"]
[Site "Douglas"]
[Date "2017.09.23"]
[Round "1"]
[White "Christiansen, Johan-Sebastian"]
[Black "Pichot, Alan"]
[Result "1-0"]
[WhiteElo "2457"]
[BlackElo "2565"]
[Annotator "TA"]
[PlyCount "129"]
[EventDate "2017.??.??"]
[EventType "swiss"]
[EventCountry "GBR"]
[SourceTitle "playchess.com"]
[Source "ChessBase"]
[SourceQuality "1"]

{[%evp 20,129,32,16,34,35,41,11,23,22,46,45,54,53,57,-38,-40,-30,-18,-39,0,0,0,4,10,0,0,-101,-99,-101,-101,-97,-100,-113,-113,-104,-95,-122,-76,-121,-19,-39,-10,-72,-56,-61,-13,-13,-13,-13,-16,-16,-21,-85,-22,-19,0,0,0,0,0,0,205,206,313,321,385,385,385,378,378,378,378,360,345,337,289,275,250,235,228,220,29973,1894,29973,29974,29977,29979,29980,29981,29981,29982,29982,29983,29983,29984,29984,29985,29985,29986,29986,29987,29987,29988,29990,29991,29991,29992,29994,29995,29995,29996]} 1. Nf3 Nf6 2. c4 g6 3. g3 Bg7 4. Bg2 O-O 5. O-O d6 6. d4 Nc6 7. Nc3 e5 8. dxe5 dxe5 9. Bg5 Be6 10. Qc1 {E62: Königsindisch (6...Sc6)} Qc8 11. Rd1 {LiveBook: 5 Partien} Rd8 $146 ({Vorgänger:} 11... Bh3 12. Bxf6 Bxf6 13. Nd5 Bd8 14. Qh6 Bxg2 15. Kxg2 Qg4 16. h4 f6 17. Ne3 Qh5 18. Qxh5 gxh5 {1-0 (34) Vallejo Pons,F (2711)-Pavlidis,A (2532) Tallinn 2016}) 12. Rxd8+ {Weiß steht etwas besser.} Qxd8 13. b3 Qf8 14. Ne1 Nd7 15. Nb5 Qc8 16. Bh6 Bh8 17. Bd5 (17. Qd2 $14) 17... Bxd5 $1 $15 18. cxd5 Nd4 19. Nc3 c6 {[%cal Bc7c6,Bc6d5][%mdl 32]} (19... e4 $5) 20. e3 Nf5 $36 {[%cal Bd4f5,Bf5d4,Bd4e2][%mdl 2080] Schwarz hat gut koordiniertes Spiel.} 21. e4 Nd4 22. Qd2 Nf6 23. Bg5 (23. Rc1 $1 $11) 23... cxd5 $1 $17 24. Bxf6 Qxc3 $1 ({Bitte nicht} 24... Bxf6 $6 25. Nxd5 Kg7 26. Qd1 $14) 25. Qxc3 Ne2+ 26. Kg2 Nxc3 27. Bxh8 Kxh8 28. exd5 Nxd5 {[%mdl 4096] Endspiel KTS-KTS} 29. Rc1 Kg7 (29... f6 $17 30. Kf3 Rd8) 30. Nd3 $1 $11 Kf6 31. Kf3 (31. Re1 $1 $11) 31... Rd8 32. Ke4 Nb4 33. Nxe5 Re8 34. f4 Nxa2 35. Rc4 Ke6 36. Rc7 (36. Nd3 $11 {bleibt in der Remisbreite.}) 36... f6 (36... Re7 $1 $17 37. Rc4 f6) 37. Nf7 $1 {[#]} Nc3+ $1 {[%mdl 512]} 38. Kd3 (38. Rxc3 Kxf7+) 38... Nd5 39. Rxb7 Re7 {Weiss muss nun ...Kxf7 beachten.} 40. Nd8+ Kf5 $2 (40... Kd6 $11) 41. Rb5 $18 Rd7 (41... Re3+ $142 42. Kc4 Kg4) 42. Kd4 Rxd8 43. Rxd5+ Rxd5+ 44. Kxd5 {b4 ist eine echte Drohung. KB-KB} Kg4 45. b4 Kh3 46. b5 Kxh2 47. Kc6 $1 {[%cal Rc6b7]} h5 {[#]} 48. Kb7 $1 {[%cal Rb7a7]} Kxg3 {zielt auf ...h4 ab.} 49. Kxa7 {K3B-KBB} h4 {[#] Droht ...h3 und aus.} 50. f5 $1 {[%cal Rf5g6][%mdl 512]} gxf5 $2 {KB-KB} (50... h3 $18 51. fxg6 h2) 51. b6 f4 52. b7 {Weiß setzt Matt.} f3 53. b8=Q+ Kg2 54. Qg8+ Kf2 55. Qg4 Ke2 56. Qe4+ Kf2 57. Qxh4+ Kf1 58. Qc4+ Kg2 59. Qg4+ Kf2 60. Kb6 Ke3 61. Qc4 Kf2 62. Kc5 f5 63. Kd4 Kg2 64. Ke3 f2 65. Qg8+ {Precision: Weiß = 71%, Schwarz = 53%.} 1-0

[Event "IOM Open-Masters 2017"]
[Site "Douglas"]
[Date "2017.09.23"]
[Round "1"]
[White "Kjartansson, Gudmundur"]
[Black "Vishnu, Prasanna. V"]
[Result "1/2-1/2"]
[WhiteElo "2456"]
[BlackElo "2543"]
[Annotator "TA"]
[PlyCount "39"]
[EventDate "2017.??.??"]
[EventType "swiss"]
[EventCountry "GBR"]
[SourceTitle "playchess.com"]
[Source "ChessBase"]
[SourceQuality "1"]

{[%evp 20,39,34,20,22,-37,-29,-30,-29,-30,-30,-30,-29,-37,-36,-34,0,0,0,-29,0,0]} 1. e4 c5 2. Nf3 d6 3. d4 cxd4 4. Nxd4 Nf6 {[%cal Bg8f6,Bf6d7,Bd7e5][%mdl 32]} 5. Nc3 a6 6. h3 g6 7. Be3 {B90: Sicilian Najdorf: Unusual White 6th moves, 6 Be3 Ng4 and 6 Be3 e5} (7. g3 Nc6 8. Be3 Bg7 9. Bg2 O-O 10. O-O Nd7 11. b3 Nxd4 12. Bxd4 Bxd4 13. Qxd4 b6 14. Nd5 Bb7 {½-½ (40) Carlsen,M (2832)-Nakamura,H (2785) Stavanger 2017}) 7... Bg7 8. g4 h5 9. g5 Nfd7 10. Bg2 Nc6 11. O-O {LiveBook: 7 Games} O-O 12. f4 (12. a4 $11) 12... Nxd4 $15 13. Bxd4 e5 14. fxe5 Nxe5 {[#]} 15. Nd5 $146 ({Predecessor:} 15. h4 Be6 16. b3 {0-1 (35) Volokitin,A (2638)-Korobov,A (2680) Dubai 2014}) 15... Qxg5 16. Be3 $1 {[%cal Re3g5]} Qd8 17. Bb6 $1 {[%cal Rb6d8]} Qg5 {[#] Hoping for ...Bxh3.} 18. Be3 $1 {[%cal Re3g5]} Qd8 {White must now prevent ...Nc4.} 19. Bb6 $1 {[%cal Rb6d8]} Qg5 {...Bxh3 is the strong threat.} 20. Be3 $1 1/2-1/2

[Event "IOM Open-Masters 2017"]
[Site "Douglas"]
[Date "2017.09.23"]
[Round "1"]
[White "Paehtz, Elisabeth"]
[Black "Raja, Harshit"]
[Result "1/2-1/2"]
[WhiteElo "2453"]
[BlackElo "2423"]
[Annotator "TA"]
[PlyCount "80"]
[EventDate "2017.??.??"]
[EventType "swiss"]
[EventCountry "GBR"]
[SourceTitle "playchess.com"]
[Source "ChessBase"]
[SourceQuality "1"]

{[%evp 18,80,0,0,7,14,10,16,12,0,13,13,22,0,0,1,14,7,14,12,23,0,22,22,22,22,22,22,22,-6,0,-34,-28,-27,-18,-16,-16,-24,-12,-33,-28,-33,-11,-8,-4,-7,-10,-11,-18,-52,-51,-91,-88,-94,-23,-86,0,0,0,0,0,0,0,0,0]} 1. e4 c5 2. Nf3 d6 3. d4 cxd4 4. Nxd4 Nf6 5. Nc3 a6 6. Be2 e5 7. Nf3 Be7 8. Bg5 Be6 {B92: Sicilian Najdorf: 6 Be2} 9. Bxf6 Bxf6 10. O-O {LiveBook: 4 Games} Be7 11. Nd5 Nd7 12. Bc4 O-O 13. Qe2 Rc8 14. Rfd1 Nb6 15. Nxb6 Qxb6 16. Bb3 {[#]} a5 $146 17. c3 Rc5 18. Bxe6 fxe6 19. Ne1 a4 20. Nd3 Rcc8 21. Rac1 Qb5 22. Rc2 Qc4 23. Nc1 b5 $36 {[%mdl 2048] Black fights for an advantage.} 24. b3 (24. Qe3 {is interesting.} Rcd8 25. Qe1 Rb8 26. b3 Qc6 27. Nd3) 24... Qxe2 25. Nxe2 axb3 26. axb3 Ra8 27. g3 Ra3 28. Rb2 {[#]} b4 $1 {[%mdl 512]} 29. Rd3 (29. cxb4 Rb8) 29... bxc3 30. Nxc3 Rb8 31. Nb1 Ra5 32. Kg2 d5 33. exd5 e4 34. Rd1 exd5 35. Nd2 Bg5 (35... Bf6 $17 36. Rc2 h6) 36. Rc2 (36. b4 $11) 36... Bxd2 (36... Bf6 $17) 37. Rcxd2 $11 {The position is equal.} Rxb3 38. Rxd5 Rxd5 39. Rxd5 e3 40. fxe3 Rxe3 {Precision: White = 57%, Black = 39%.} 1/2-1/2

[Event "IOM Open-Masters 2017"]
[Site "Douglas"]
[Date "2017.09.22"]
[Round "1"]
[White "Neelotpal, Das"]
[Black "Nakamura, Hikaru"]
[Result "0-1"]
[WhiteElo "2448"]
[BlackElo "2781"]
[Annotator "TA"]
[PlyCount "130"]
[EventDate "2017.??.??"]
[EventType "swiss"]
[EventCountry "GBR"]
[SourceTitle "playchess.com"]
[Source "ChessBase"]
[SourceQuality "1"]

{[%evp 22,130,13,12,18,8,17,18,39,33,38,37,53,45,43,27,33,32,44,34,72,69,77,39,41,39,46,42,36,45,49,24,39,39,38,39,48,39,48,32,46,46,52,31,43,20,22,24,42,24,40,43,37,17,21,18,20,11,11,0,24,0,0,0,0,0,0,0,0,0,0,0,0,0,0,0,0,0,0,0,0,0,0,0,0,0,0,-4,-4,-13,-14,0,-12,-12,-17,-19,0,-84,-65,-164,-143,-156,-166,-160,-164,-2208,-587,-628,-585,-29993,-12834]} 1. e4 c5 2. Nf3 Nc6 3. d4 cxd4 4. Nxd4 e5 5. Nb5 {[%cal Bd4b5,Bb5a3,Ba3c4][%mdl 32]} d6 6. N1c3 a6 7. Na3 Be7 8. Nc4 b5 {B32: Sicilian: Löwenthal and Kalashnikov Variations} 9. Ne3 Nf6 10. a3 (10. g3 O-O 11. Bg2 b4 12. Ncd5 Nxd5 13. Nxd5 Bg5 14. Bxg5 Qxg5 15. O-O Be6 16. Nc7 {½-½ (34) Morozevich,A (2711)-Moiseenko,A (2692) Berlin 2015}) 10... O-O 11. g3 Be6 12. Bg2 {LiveBook: 4 Games} Qd7 $146 ({Predecessor:} 12... Nd4 13. O-O Rc8 14. f4 a5 15. Ncd5 Bxd5 16. exd5 {½-½ (34) Djukic,N (2534)-Hernandez Guerrero,G (2506) Baku 2016}) 13. Ncd5 {next Nb6 is good for White.} Bd8 14. O-O Bxd5 15. Nxd5 Nxd5 16. Qxd5 Bb6 17. c3 Rac8 18. Bd2 Ne7 19. Qb3 Kh8 20. a4 Rc4 21. axb5 axb5 22. Ra6 Rb8 23. Rfa1 {aiming for Bf1.} Ng8 24. Qc2 Nf6 25. Qd3 h6 26. Qe2 (26. Qf3 {seems wilder.} Qd8 27. b3 Rc6 28. Qf5 Kg8 29. b4) 26... Ra4 27. b4 Rxa1+ 28. Rxa1 Ne8 29. Bf1 Nc7 30. Be3 Qc6 31. Bxb6 Rxb6 32. Qe3 Kg8 33. Ra5 Rb8 34. Be2 Rd8 35. Qd3 g6 36. h4 h5 37. Bf3 Kg7 38. Qe3 Rb8 39. Be2 Ne8 40. Qd3 {[%cal Ra5b5]} Nf6 41. Bf3 Rc8 42. Ra3 Qb6 43. Ra1 Rc4 44. Re1 $1 Qa6 45. Re3 Qc6 46. Kh2 Kf8 47. Kg1 Ke7 48. Kg2 Kf8 49. Kg1 Kg8 50. Kh2 Kh7 51. Qd2 Qa6 52. Be2 Rc7 53. Kg2 Kg7 54. Bf3 Qc6 55. Qd3 Rc8 56. Kh2 Ra8 57. Qd2 Ra1 58. Kg2 Qc4 59. Qe2 (59. Be2 $11 Qb3 60. Qd3) 59... Qb3 $17 60. Rd3 (60. Qd3 $1 $15) 60... d5 $19 61. exd5 e4 $1 $40 {[%mdl 128] Black has strong attack.} 62. Bxe4 {[#] Strongly threatening Rf3.} Qb1 $1 {[%csl Ga1][%cal Rb1h1]} 63. Kh3 $2 (63. Kf3 Qg1 64. d6) 63... Ra2 (63... Qg1 $142 {( -> ...Ng4)} 64. Rd2 Re1) 64. Rd4 Qg1 65. Qxa2 {[#]} Nxe4 {Precision: White = 52%, Black = 72%.} (65... g5 $142 $1 {[%mdl 512]} 66. hxg5 Nxe4 67. Rd1 Nxg5+ 68. Kh4 Qxd1 69. Qe2 Qxe2 70. f3 Qxf3 71. Kxg5 Qg4#) 0-1

[Event "IOM Open-Masters 2017"]
[Site "Douglas"]
[Date "2017.09.23"]
[Round "1"]
[White "Yankelevich, Lev"]
[Black "Zahn, Alina"]
[Result "1-0"]
[WhiteElo "2443"]
[BlackElo "2025"]
[Annotator "TA"]
[PlyCount "73"]
[EventDate "2017.??.??"]
[EventType "swiss"]
[EventCountry "GBR"]
[SourceTitle "playchess.com"]
[Source "ChessBase"]
[SourceQuality "1"]

{[%evp 15,73,21,21,18,18,18,24,18,17,32,25,16,20,26,31,9,25,0,1,-4,9,1,63,69,44,59,86,50,80,17,22,14,22,12,23,23,25,32,150,45,47,44,35,29,230,209,257,272,295,320,388,322,709,705,966,647,622,552,612,525]} 1. Nf3 d5 2. c4 e6 3. g3 Nf6 4. Bg2 Be7 5. d4 O-O 6. O-O dxc4 7. Qc2 a6 8. a4 Bd7 9. Rd1 {E05: Katalanisch} (9. Qxc4 Bc6 10. Bf4 Nbd7 11. Nc3 Bd6 12. a5 Bxf4 13. gxf4 Nd5 14. e3 Nxc3 15. Qxc3 Bxf3 16. Bxf3 c6 17. Kh1 Qe7 18. Rg1 g6 19. Rg5 {½-½ (80) Aronian,L (2793)-Kramnik,V (2808) Leuven 2017}) 9... Bc6 10. Bg5 Nbd7 11. Nbd2 {Weiß hat minimalen Vorteil.} Nd5 12. Bxe7 Qxe7 13. Nxc4 Nb4 14. Qc3 $146 ({Vorgänger:} 14. Qb3 Bd5 15. Ne1 Nf6 16. Nd3 Nxd3 17. Qxd3 Bxc4 18. Qxc4 {½-½ (57) Koentges,M (2302)-Jorgensen,P (2335) ICCF email 2013}) 14... a5 15. Rdc1 Rfc8 16. Bf1 Bd5 17. Nfd2 c5 18. e4 Bc6 (18... Bxc4 $11 19. Nxc4 Rd8) 19. dxc5 $14 Qxc5 20. Nb3 Qe7 21. Qe3 b6 22. Nd4 ({Günstiger ist} 22. Nxb6 $16 Nxb6 23. Qxb6) 22... Rab8 $11 23. Rd1 Ba8 24. f3 Nc5 25. b3 Rd8 26. Rac1 {[%cal Ba1c1,Bc1d1,Bd1d6][%mdl 32]} Qb7 {[#]} (26... h6 $14) 27. Nb5 ({Weiss kommt nicht vorbei an} 27. Nxa5 $1 $16 {[%mdl 512]} bxa5 28. Rxc5) 27... Rxd1 28. Rxd1 {Und weiter mit Sxa5 wäre nett.} Qe7 $1 29. Rd6 h6 $2 (29... Bc6 $11 {und Schwarz steht sicher.}) 30. Nxb6 Nca6 {Schwarz hofft, mit ...Lc6 fortzusetzen.} 31. Nc4 Qf6 32. Nxa5 Rc8 33. Nc4 Nc5 $2 {[#]} (33... Rb8 34. Be2 Qe7) 34. Nb6 $18 {Weiß steht klar auf Gewinn.} Nxe4 35. Nxc8 Nxd6 36. Ncxd6 Bxf3 37. Qf4 {Precision: Weiß = 61%, Schwarz = 35%.} 1-0